000 00429nam a22001577a 4500
005 20251108165835.0
008 250721s1994 xx 000 0 ara d
082 1 4 _aط/624/كبا
245 1 0 _aالكباري و الأنفاق /
264 1 _aبيروت :
_bدار المعارف،
_c1994.
300 _a26ص : مص
490 0 _aالمعارف للأولاد
650 1 7 _aالجسور
942 _2ddc
_cBK
999 _c32647
_d32647